000
00230nam a22001097a 4500
999
_c
263454
_d
263453
020
_a
043958549-X
100
_a
Judy Blume.
245
_a
Double Fudge
250
_a
1st ed.
260
_a
New York
_b
Scholastic
_c
2002
942
_c
BK